| 000 | 01567nam a2200337 a 4500 | ||
|---|---|---|---|
| 001 | |||
| 003 | OSt | ||
| 005 | 20231010103705.0 | ||
| 007 | ta | ||
| 008 | 100521s01999 dr ac r 001 0 spa d | ||
| 020 | _a9768175540 | ||
| 040 |
_aDO-SdBNP _bspa _cBPMSU |
||
| 082 | 4 |
_aR920.729304 _bA385m 1999 _222 |
|
| 100 | 1 |
_aAlfau Durán, Vetilio, _d1909-1985 |
|
| 245 | 1 | 0 |
_aMujeres de la independencia / _cVetilio Alfau Durán ; pròlogo Marìa Filomena Gonzàlez Canalda |
| 250 | _a3a ed. | ||
| 260 |
_aSanto Domingo : _bEdiciones Librería la Trinitaria _c1999 |
||
| 300 |
_a71 p. : _bil. ; _c21 cm. |
||
| 490 | 0 |
_aCuadernos popular, _v2 |
|
| 500 | _aIncluye referencias bibliográficas y notas al pie de las páginas | ||
| 505 | 0 | _aMicaela de Rivera--Manuela Díez y Jiménez -- Josefa Antonio Pérez de la Paz -- María Baltasara de los Reyes -- María Trinidad Sánchez -- Ana Valverde -- Filomena Gómez de Cova -- Rosa Montás de Duvergé -- Froilana Febles -- Petronila Abreu y Delgado -- Rosa Bastardo de Guillermo -- Rosa Duarte y Díez -- Concepción Bona -- María de Jesús Pina. | |
| 590 | _6Inventariado, 2023/VM | ||
| 650 | 4 |
_aMujeres en la independencia _zRepública Dominicana _vBiografías _x |
|
| 650 | 4 |
_aHeroínas _zRepública Dominicana _vBiografías |
|
| 651 | 4 |
_aRepública Dominicana _xHistoria |
|
| 700 | 1 |
_a Gonzàlez Canalda, Marìa Filomena _epról. |
|
| 700 | 1 |
_aHernández Cristian, _eil. |
|
| 710 | 2 | _aArchivo General de la Nación (República Dominicana) | |
| 910 | _aVMateo V.Control de calidad. BPMSU | ||
| 942 |
_2ddc _cBK |
||
| 999 |
_c14474 _d14474 |
||